| 000 | 01110cam a2200337 4500 | ||
|---|---|---|---|
| 999 |
_c23427 _d23427 |
||
| 001 | vtls012065957 | ||
| 005 | 20221010113104.0 | ||
| 008 | 210818s2021 xo gr 000 fdslo | ||
| 020 |
_a9788056908914 _q(viazané) |
||
| 040 |
_aTVZK _bslo _cTVZK _dSNK _erda |
||
| 041 | 0 | _aslo | |
| 044 |
_axo _cSK |
||
| 072 | 7 |
_a821.162.4-3 _xSlovenská próza _2konspekt |
|
| 080 |
_a821.162.4-31 _22011 |
||
| 080 |
_a(0:82-312.4) _22011 |
||
| 100 | 1 |
_aGašparík, Peter, _d1977- _4aut _93643 |
|
| 245 | 1 | 0 |
_aSmrť v Štiavnici _bpríbeh Kornela Karoviča _cPeter Gašparík |
| 250 | _aPrvé vydanie | ||
| 264 | 1 |
_aBratislava _bMarenčin PT _c2021 |
|
| 300 |
_a158 strán _c21 cm |
||
| 336 |
_atext _btxt _2rdacontent |
||
| 337 |
_abez média _bn _2rdamedia |
||
| 338 |
_azväzok _bnc _2rdacarrier |
||
| 500 | _aObsahuje biografické údaje o autorovi | ||
| 655 | 7 |
_aslovenské romány _2SNKPH _91694 |
|
| 655 | 7 |
_adetektívne romány _2SNKPH _91710 |
|
| 655 | 7 |
_aSlovak fiction _2SNKPHeng _91695 |
|
| 655 | 7 |
_aDetective novels _2SNKPHeng _91711 |
|
| 958 | _aLX | ||